Mobil marketing - jak je vnímán zákazníky

Mobil marketing - jeden z moderných nástrojov cielenej marketingovej komunikácie - je zaraďovaný do komunikačného mixu stále častejšie. Aké je jeho vnímanie zo strany zákazníka.

Saved in:
Bibliographic Details
Main Author: Březinová, Monika
Format: Book Chapter
Language:Czech
Subjects:
Tags: Add Tag
No Tags, Be the first to tag this record!

MARC

LEADER 00000naa$a2200000$$$4500
001 0092584
005 20231114080234.0
041 0 |a cze 
044 |a CZ 
245 1 0 |a Mobil marketing - jak je vnímán zákazníky  |c Monika Březinová 
520 |a Mobil marketing - jeden z moderných nástrojov cielenej marketingovej komunikácie - je zaraďovaný do komunikačného mixu stále častejšie. Aké je jeho vnímanie zo strany zákazníka. 
610 2 0 |a komunikácia marketingová 
610 2 0 |a mix komunikačný 
610 2 0 |a telefón mobilný 
610 2 0 |a siete mobilné 
610 2 0 |a zákazníci 
610 2 0 |a správanie spotrebiteľa 
100 1 |a Březinová, Monika